| 000 | 00502nam a2200181Ia 4500 | ||
|---|---|---|---|
| 003 | OSt | ||
| 005 | 20240401101241.0 | ||
| 008 | 210210b1930 xxu||||| |||| 00| 0 eng d | ||
| 040 | _cAL | ||
| 041 | _aKannada | ||
| 082 | _a858/50 | ||
| 100 |
_aGUNDAPPA (D V) _9132003 _dಗುಂಡಪ್ಪ (ಡಿ ವಿ). |
||
| 245 |
_aGopalakrashna gokhale _bಗೋಪಾಲಕೃಷ್ಣ ಗೋಖಲೆ |
||
| 260 |
_aBengaluru _b- _c1930 |
||
| 690 |
_aBiography _9132006 |
||
| 906 | _a020594 | ||
| 942 |
_2ddc _cBK |
||
| 999 |
_c144744 _d144744 |
||